000 00368nam a22001451a 4500
020 _a9780195133547
082 _a303.309 73
_bWRI/P
100 _aWright Mills C
245 _aThe Power Elite/
_cby Wright Mills C
260 _aOxford:
_bOxford University Press,
_c1999.
300 _a442p.
650 _aPower United States
650 _aSocial Sciences
942 _cBK
999 _c35287
_d35287